Rahsia terowong Palek Bang (Record no. 124957)

MARC details
000 -LEADER
fixed length control field 00813nam a2200289 i 4500
001 - CONTROL NUMBER
control field C2-0325214
003 - CONTROL NUMBER IDENTIFIER
control field PPAK
005 - DATE AND TIME OF LATEST TRANSACTION
control field 20180728123307.0
008 - FIXED-LENGTH DATA ELEMENTS--GENERAL INFORMATION
fixed length control field 140121s2013 my a|||| ||||| | may d
020 ## - INTERNATIONAL STANDARD BOOK NUMBER
International Standard Book Number 9789674032609
040 ## - CATALOGING SOURCE
Original cataloging agency PPAK
Language of cataloging eng
Transcribing agency PPAK
Description conventions rda
082 04 - DEWEY DECIMAL CLASSIFICATION NUMBER
Classification number 899.233
Edition number 23
090 00 - LOCALLY ASSIGNED LC-TYPE CALL NUMBER (OCLC); LOCAL CALL NUMBER (RLIN)
Classification number (OCLC) (R) ; Classification number, CALL (RLIN) (NR) 899.233
Feature heading NUR
Feature heading K
100 0# - MAIN ENTRY--PERSONAL NAME
Personal name Nur Shamsiah On,
Relator term author
245 10 - TITLE STATEMENT
Title Rahsia terowong Palek Bang
264 #1 - PRODUCTION, PUBLICATION, DISTRIBUTION, MANUFACTURE, AND COPYRIGHT NOTICE
Place of production, publication, distribution, manufacture Kuala Lumpur :
Name of producer, publisher, distributor, manufacturer Ana Muslim ,
Date of production, publication, distribution, manufacture, or copyright notice 2013
300 ## - PHYSICAL DESCRIPTION
Extent 156 pages :
Other physical details illustrations ;
Dimensions 17 cm
336 ## - CONTENT TYPE
Source rdacontent
Content type term text
337 ## - MEDIA TYPE
Source rdamedia
Media type term unmediated
338 ## - CARRIER TYPE
Source rdacarrier
Carrier type term volume
490 1# - SERIES STATEMENT
Series statement Siri kembara Mia dan Kia
500 ## - GENERAL NOTE
General note 10-14 Tahun
650 10 - SUBJECT ADDED ENTRY--TOPICAL TERM
Topical term or geographic name entry element Children's stories, Malay.
700 0# - ADDED ENTRY--PERSONAL NAME
Personal name Anies H.,
Relator term editor
830 #0 - SERIES ADDED ENTRY--UNIFORM TITLE
Uniform title Siri kembara Mia dan Kia
942 ## - ADDED ENTRY ELEMENTS (KOHA)
-- dc
Koha item type Book
Holdings
Withdrawn Not for loan Current library Shelving location Date acquired Total Checkouts Full call number Barcode Date last seen Date last checked out Koha item type Total Renewals Checked out
    Perpustakaan Alor Setar Pinjaman Kanak-kanak 28/01/2014 10 K 899.233 NUR A01429318 25/05/2024 29/04/2024 Book    
    Perpustakaan Alor Setar Pinjaman Kanak-kanak 28/01/2014 9 K 899.233 NUR A01429319 29/10/2022 08/10/2022 Book 1  
    Perpustakaan Bandar Baharu Pinjaman Kanak-kanak 28/01/2014 2 K 899.233 NUR A01429327 16/03/2021 23/02/2021 Book    
    Perpustakaan Jitra Pinjaman Kanak-kanak 28/01/2014 7 K 899.233 NUR A01429321 17/07/2024 13/07/2024 Book 2  
    Perpustakaan Kuala Nerang Pinjaman Kanak-kanak 28/01/2014 1 K 899.233 NUR A01429328 31/10/2021 08/04/2021 Book    
    Perpustakaan Kulim Pinjaman Kanak-kanak 28/01/2014 7 K 899.233 NUR A01429323 02/05/2026 02/05/2026 Book   23/05/2026
    Perpustakaan Langkawi Pinjaman Kanak-kanak 28/01/2014 6 K 899.233 NUR A01429322 04/09/2024 15/08/2024 Book 2  
    Perpustakaan Merbok Pinjaman Kanak-kanak 28/01/2014 3 K 899.233 NUR A01429330 05/04/2022 26/02/2022 Book    
    Perpustakaan Pendang Pinjaman Kanak-kanak 28/01/2014 1 K 899.233 NUR A01429331 28/05/2019 28/05/2019 Book    
    Perpustakaan Sik Pinjaman Kanak-kanak 28/01/2014   K 899.233 NUR A01429325 09/05/2018   Book    
    Perpustakaan Yan Pinjaman Kanak-kanak 28/01/2014   K 899.233 NUR A01429324 09/05/2018   Book    
    Perpustakaan Yan Pinjaman Kanak-kanak 28/01/2014   K 899.233 NUR A01429329 09/05/2018   Book    
    Bergerak 4, Sungai Petani Pinjaman Kanak-kanak 28/01/2014   K 899.233 NUR A01429320 09/05/2018   Book